| 000 | 00805cab a2200265 4500 | ||
|---|---|---|---|
| 001 | E2700 | ||
| 008 | 090401t1996 xxu||||| |||| 00| 0 eng d | ||
| 035 | _a(Sirsi) u40570 | ||
| 041 | _aeng | ||
| 100 | _aLittlejohn, D. | ||
| 245 | _aHousing and economic development in remote rural areas | ||
| 260 | _c1996 | ||
| 350 | _a0 | ||
| 490 |
_aScottish Planner _v(40) March 1996, 8 (1) |
||
| 520 | _aReports on a study from the Highlands and Islands which aimed to help improve knowledge of how housing and economic development interact. | ||
| 650 | _aABERDEEN UNIVERSITY | ||
| 650 | _aECONOMIC DEVELOPMENT | ||
| 650 | _aHIGHLANDS AND ISLANDS ENTERPRISE | ||
| 650 | _aHOUSING | ||
| 650 | _aRURAL HOUSING | ||
| 650 | _aSCOTTISH HOMES | ||
| 690 | _aHOUSING | ||
| 942 | _n0 | ||
| 948 | _c04/03/1997 | ||
| 999 |
_c25989 _d25989 |
||